| 000 | 00419nam a22001457a 4500 | ||
|---|---|---|---|
| 005 | 20250321133611.0 | ||
| 008 | 250130b |||||||| |||| 00| 0 eng d | ||
| 082 | _aDC 220 H747 1988 | ||
| 245 | _aHoly Bible. | ||
| 260 |
_aWichita, Kansas : _bDeVore & Sons, Inc., _c©1988. |
||
| 300 |
_a1280 pages : _billustrations (some colored) ; _c29 cm. |
||
| 500 | _aIncludes index. | ||
| 650 | 0 |
_aBible. _965871 |
|
| 942 |
_2ddc _cDC |
||
| 999 |
_c23368 _d23368 |
||